Zdobywcy złotego kasku na żużlu - Statystyki

Ogólne statystyki
  • Ten quiz został rozwiązany 147 razy
  • Średni wynik to 26 z 58
Statystyki odpowiedzi
Rok Odpowiedź % Poprawnych
2018 Jarosław Hampel
88%
1992 Tomasz Gollob
88%
1994 Tomasz Gollob
88%
1995 Tomasz Gollob
88%
1997 Tomasz Gollob
88%
2000 Tomasz Gollob
88%
2002 Tomasz Gollob
88%
2006 Tomasz Gollob
88%
2013 Maciej Janowski
76%
2014 Przemysław Pawlicki
74%
2015 Przemysław Pawlicki
74%
2017 Przemysław Pawlicki
74%
2005 Janusz Kołodziej
73%
2009 Janusz Kołodziej
73%
2010 Janusz Kołodziej
73%
2012 Piotr Pawlicki
73%
2001 Piotr Protasiewicz
72%
1996 Jacek Gollob
68%
1998 Jacek Gollob
68%
2016 Patryk Dudek
66%
1975 Edward Jancarz
64%
1973 Zenon Plech
60%
1974 Zenon Plech
60%
1978 Zenon Plech
60%
2007 Grzegorz Walasek
54%
1969 Edward Jancarz
51%
1972 Edward Jancarz
51%
1982 Roman Jankowski
43%
1984 Roman Jankowski
43%
1986 Roman Jankowski
43%
2011 Adrian Miedziński
38%
2004 Wiesław Jaguś
38%
1987 Zenon Kasprzak
38%
1991 Sławomir Drabik
34%
1967 Antoni Woryna
32%
1971 Antoni Woryna
32%
2003 Rafał Okoniewski
28%
2008 Damian Baliński
27%
1976 Marek Cieślak
25%
1999 Jacek Krzyżaniak
23%
1964 Andrzej Wyglenda
22%
1988 Piotr Świst
20%
1965 Stanisław Tkocz
20%
1961 Florian Kapała
19%
1983 Jan Krzystyniak
15%
1985 Wojciech Żabiałowicz
11%
1963 Joachim Maj
9%
1968 Paweł Waloszek
9%
1993 Dariusz Śledź
8%
1977 Jerzy Rembas
8%
1989 Wojciech Załuski
6%
1981 Bolesław Proch
5%
1966 Andrzej Pogorzelski
4%
1970 Jan Mucha
3%
1962 Marian Kaiser
3%
1990 Mirosław Korbel
3%
1979 Robert Słaboń
3%
1980 Robert Słaboń
3%
Nie znaleziono quizów pasujących do podanych kryteriów
Rozkład punktacji
Procent ludzi z każdym wynikiem
Percentyl według liczby udzielonych odpowiedzi
Twoja historia wyników
Nie rozwiązałeś tego quizu